Statistics for Harry Potter One named Characters

Click here to take the quiz!

General Stats

  • This quiz has been taken 57 times
  • The average score is 21 of 33

Answer Stats

HintAnswer% Correct
Giant spider raised by Rubeus Hagrid, lived in the Forbidden Forest.Aragog
98%
Originally belonging to the Malfoy family, which Harry helps set free in Chamber of Secrets. He becomes the only paid house-elf at Hogwarts.Dobby
88%
Hippogriff belonging at various times to Rubeus Hagrid, Sirius Black and Harry Potter.Buckbeak
85%
Centaur, professor of Divination at Hogwarts.Firenze
83%
Harry Potter's Pet owlHedwig
83%
House-elf belonging to the Black family, and later Harry PotterKreacher
83%
Slytherin House ghost, suitor and killer of Helena Ravenclaw, killed himself in remorse.The Bloody Baron
83%
Lord Voldemort's giant pet snake, which does his bidding. She is one of Voldemort's Horcruxes.Nagini
81%
Phoenix belonging to Albus Dumbledore, saved Harry Potter from Basilisk in the Chamber of Secrets.Fawkes
79%
Three-headed dog belonging to Rubeus Hagrid, protector of the Philosopher's Stone.Fluffy
79%
Centaur, not very wizard-friendly.Bane
77%
Goblin, works at Gringotts Bank which he helps Harry and his friends steal the cup from within the Lestrange vault.Griphook
77%
A female house elf who belonged to Bartemius Crouch Sr. until he sacked her, then worked in the Hogwarts kitchen.Winky
77%
Intelligent cat belonging to Hermione Granger.Crookshanks
75%
Boarhound belonging to Rubeus HagridFang
73%
Giant, half-brother of Rubeus Hagrid.Grawp
73%
Hogwarts poltergeist, a mischievous magical being.Peeves
73%
Hufflepuff House ghost.The Fat Friar
73%
Witch in the painting that conceals the entrance to the Gryffindor common room.The Fat Lady
73%
Owl belonging to the Weasley family.Errol
71%
Ron Weasley's pet rat in the first three stories. He is revealed at the end of Prisoner of Azkaban to be a wizard in animal form: Peter Pettigrew.Scabbers
71%
The toad belonging to Neville Longbottom that always gets lost.Trevor
71%
Named by Ginny Weasley, a tiny mischievous owl belonging to Ron Weasley.Pigwidgeon
67%
House-elf belonging to Hepzibah Smith.Hokey
63%
Author of several Wizarding fairy tales, including The Tale of the Three BrothersBeedle the Bard
54%
Proprietor of the Three Broomsticks in Hogsmeade.Madam Rosmerta
54%
Goblin, Head goblin at Gringotts Wizarding Bank. Put under the Imperius curse when Harry, Ron, and Hermione broke into Gringotts.Bogrod
46%
Snatcher who captures Harry Potter, Ron Weasley and Hermione Granger in Deathly Hallows.Scabior
38%
A goblin like Griphook who worked at Gringotts and later teamed up with Griphook, Dean Thomas, Ted Tonks, and Dirk Cresswell to hide away during Deathly Hallows.Gornuk
27%
was a wizard and a Death Eater who escaped from Azkaban after Lord Voldemort's return.Travers
15%
Great aunt of the Weasley childrenGreat Aunt Muriel
10%
belonging to Rubeus Hagrid, later secretly moved to the Dragon Reserve in Romania by friends of Charlie Weasley.Norbet
8%
Armoured and somewhat mad knight occupying a painting in Hogwarts.Sir Cadogon
6%

Score Distribution

Percentile by Number Answered

Percent of People with Each Score

Your Score History

You have not taken this quiz